000 00907nam a2200229Ii 4500
003 JO-AjNU
008 230605s9999||||xx |||||||||||||| ||und||
017 _a2005/8/2112
040 _aJO-AjNU
_bara
_erda
_cJO-AjNU
041 _aara
050 1 4 _aBF637.S8.D76.2006
100 3 _aالدروبي، سليمان,
_eauthor
_921624
245 0 0 _aكيف تحصل على ما تريد؟ وتحقق أهدافك وطموحاتك
250 _aط1
264 3 1 _aعمان:دار عالم الثقافة للنشر والتوزيع ، دار الاسرة للنشر والتوزيع ،2006
300 _a155ص
336 _atext
_btxt
_2rdacontent
337 _aunmediated
_bn
_2rdamedia
338 _avolume
_bnc
_2rdacarrier
490 0 _aسلسلة البرمجة الادارية وتحسين الاداء
650 4 _aسيكولوجية الشخصية-علم النفس الفردي-الابداع
_921625
999 _aA7543
_c11111
_d11111